| 000 | 00660nam a22001577a 4500 | ||
|---|---|---|---|
| 003 | OSt | ||
| 005 | 20151130111350.0 | ||
| 008 | 151130b xxu||||| |||| 00| 0 eng d | ||
| 040 | _cRUA | ||
| 082 | _aFIS HUN 1997 B166 Or.1 | ||
| 100 |
_94022 _aHUN KIM TEK |
||
| 245 | _aAccess issues in rice-field fisheries in svay rieng and takeo provinces, លទ្ធភាពរបស់កសិករក្នុងការនេសាទត្រីតាមវាលស្រែ នៅខេត្តស្វាយរៀង និង ខេត្តតាកែវ. | ||
| 260 |
_aPhnom Penh _bRUA _c1997 |
||
| 300 |
_a55p. _bill. _c29cm. |
||
| 942 |
_2ddc _cFIS |
||
| 999 |
_c3741 _d3741 |
||